000 00242nam a2200097Ia 4500
008 230915s9999 xx 000 0 und d
050 _aHD30.28.D38
100 _aFRED R. DAVID
245 0 _aSTRATEGIC MANAGEMENT: CONCEPTS AND CASES
942 _cBK
999 _c75521
_d75521